000 00455nam a22001817a 4500
003 NUST - PNEC
005 20170116180922.0
008 150905b xxu||||| |||| 00| 0 eng d
020 _a0831130032
040 _cLIBRARY
082 _a621 BAC
100 _97840
_aBacon, D. H. (Dennis Henry)
245 _aMechanical technology
_cD. H. Bacon
250 _a2nd ed.
260 _cc.1990
650 _97841
_aMechanical engineering
_xME
942 _2ddc
_cBK
999 _c65654
_d65654